Geografia według zdjęcia - Statystyki

Ogólne statystyki
  • Ten quiz został rozwiązany 38 razy
  • Średni wynik to 7 z 8
Statystyki odpowiedzi
Obrazkowy Hint Odpowiedź % Poprawnych
Kontynent: Ameryka Południowa
100%
Waluta: Euro
97%
Waluta: Złoty
97%
Kraj: Egipt
91%
Miasto: Kraków
89%
Godło: Albania
86%
Spikselowany Kraj: Australia
86%
Flaga kraju: Namibia
46%
Nie znaleziono quizów pasujących do podanych kryteriów
Rozkład punktacji
Procent ludzi z każdym wynikiem
Percentyl według liczby udzielonych odpowiedzi
Twoja historia wyników
Nie rozwiązałeś tego quizu